Countries With Largest Total Military - Statistics

General Stats
  • This quiz has been taken 77 times
  • The average score is 15 of 20
Answer Stats
Rank Country Amount % Correct
6 China 3,205,000
98%
7 United States 2,205,000
98%
4 India 5,137,000
95%
5 Russia 3,454,000
94%
2 South Korea 6,708,000
94%
1 North Korea 7,769,000
92%
15 Pakistan 935,000
87%
9 Iran 2,010,000
84%
14 Indonesia 1,075,000
79%
8 Brazil 2,069,000
78%
16 Turkey 890,000
78%
3 Vietnam 5,522,000
75%
11 Egypt 1,314,000
71%
18 Israel 642,000
70%
17 Thailand 699,000
65%
13 Ukraine 1,197,000
62%
10 Taiwan 1,831,000
51%
19 Colombia 516,000
43%
20 Myanmar 513,000
43%
12 Cuba 1,234,000
25%
No matching quizzes found
Score Distribution
Percent of People with Each Score
Percentile by Number Answered
Your Score History
You have not taken this quiz